İzmir'de kamusal hizmetler (Record no. 6868)

MARC details
000 -BAŞLIK
Sabit Uzunlukta Kontrol Alanı 00650na a2200241 4500
001 - KONTROL NUMARASI
Denetim Alanı 13770
003 - KONTROL NUMARASI IDENTIFIER
Denetim Alanı MIRAKIL
005 - SON İŞLEM TARİHİ VE ZAMANI
Denetim Alanı 20181213155122.0
008 - SABİT-BOY VERİ ELEMANLARI - GENEL BİLGİLER
Sabit Uzunlukta Kontrol Alanı 161024b tu 000 0
020 ## - ULUSLARARASI STANDART KİTAP NUMARASI
Uluslararası Standart Kitap Numarası 9789751801319
035 ## - SİSTEM KONTROL NUMARASI
Sistem Kontrol Numarası 13770
040 ## - KATALOGLAMA KAYNAK
Orijinal Kataloglama Ajansı Milas
Kataloglama Dili tur
Metne Dönüştürmek Ajansı TR-AnCHP
041 ## - DİL KODU
Metin / Ses Parça Veya Ayrı Başlığın Dil Kodu tur
082 ## - DEWEY ONLU SINIFLANDIRMA NUMARASI
Sınıflandırma Numarası 956.211
Ürün Numarası K86i 2012
090 ## - SINIFLAMA NUMARASI
Sınıflama Numarası 956.211 K86i 2012
100 ## - ANA GİRİŞ - KİŞİSEL İSİM
Kişisel Ad Kurt, Sadık
245 ## - BAŞLIK TABLOSU
Başlık İzmir'de kamusal hizmetler
Başlığın Kalan (1850-1950)
Sorumluluk Tablosu, Vb Sadık Kurt
260 ## - YAYIN, DAĞITIM, VB
Yayın, Dağıtım, Vb Yeri İzmir
Yayıncı, Dağıtıcı, Vs Adı İzmir Büyükşehir Belediyesi
Yayın, Dağıtım, Vb Tarihi 2012
300 ## - FİZİKSEL TANIM
Kapsam 311 s.
Diğer Fiziksel Ayrıntıları tbl.
Boyutlar 32 sm.
650 ## - KONU KATMA GİRİŞ - TOPİKAL DÖNEM
Topikal Süreli Veya Coğrafi Ad Giriş Elemanı Kamu yönetimi
Genel Alt Bölümü Tarih
Coğrafi Alt Bölümü İzmir
651 ## - KONU KATMA GİRİŞ - COĞRAFİ ADI
Coğrafi İsim İzmir
Genel Alt Bölümü Tarih
942 ## - EKLENDİ GİRİŞ ELEMANLARI (KOHA)
Sınıflandırma Veya Raf Düzeni Kaynak
Koha Öğesi Türü Books
999 ## - SİSTEM KONTROL NUMARALARI (KOHA)
Koha Biblionumber 6868
Koha Biblioitemnumber 6868
Holdings
Kalıcı Konum Mevcut Konum Edinme Tarihi Edinim Kaynak Toplam Check-Out'Lar Tam Çağrı Numarası Barkod Tarih Son Görülme İtibaren Geçerli Fiyatlar Koha Öğesi Türü
CHP Kütüphanesi CHP Kütüphanesi 08/16/2016 Bağış   956.211 K86i 2012 001570 08/16/2016 08/16/2016 Books